00338 a2200109 4500001001000000005001700010008004100027245005300068100002400121773006600145999001700211ART_4635220260410161648.0260409a 10aAspectos impositivos de las entidades deportivas1 aJanuszewski, Karina0 tConsultor tributariog- Año 12, N° 135 (mayo 2018)wREV474 c13952d13952